[Event "World Youth Girls U16 2014"]
[Site "Durban RSA"]
[Date "2014.09.25"]
[Round "7.14"]
[White "Varshini, V"]
[Black "Trippold, Denise"]
[Result "1/2-1/2"]
[WhiteTitle "WFM"]
[WhiteElo "1987"]
[BlackElo "1842"]
[WhiteFideId "5091241"]
[BlackFideId "1625594"]
[EventDate "2014.09.20"]

1. e4 c5 2. Nc3 Nc6 3. g3 g6 4. Bg2 Bg7 5. d3 d6 6. Be3 Rb8 7. Qd2 b5 8. Nge2 b4
9. Nd1 Nd4 10. O-O e6 11. Nc1 Ne7 12. c3 bxc3 13. bxc3 Ndc6 14. Bh6 O-O 15. Bxg7
Kxg7 16. Ne3 Ba6 17. Rd1 Qb6 18. d4 cxd4 19. cxd4 e5 20. Nb3 Rfc8 21. dxe5 dxe5
22. Ng4 Ng8 23. Ne3 Qb4 24. Rac1 Qxd2 25. Rxd2 Nb4 26. Rxc8 Rxc8 27. Rd7 Nxa2
28. Rxa7 Nc1 29. Nxc1 Rxc1+ 30. Bf1 Bxf1 31. Nxf1 Nf6 32. f3 Ne8 1/2-1/2

[Event "World Youth Girls U16 2014"]
[Site "Durban RSA"]
[Date "2014.09.25"]
[Round "7.15"]
[White "Fuskova, Martina"]
[Black "Auvray, Honorine"]
[Result "1-0"]
[WhiteElo "1961"]
[BlackElo "1799"]
[WhiteFideId "300063"]
[BlackFideId "600512"]
[EventDate "2014.09.20"]

1. e4 c5 2. Nf3 e6 3. d4 cxd4 4. Nxd4 a6 5. Nc3 b5 6. Bd3 Qb6 7. Nb3 Qc7 8. O-O
Bb7 9. Be3 Nf6 10. a3 d6 11. f4 Nbd7 12. Kh1 Be7 13. Qe2 O-O 14. Rae1 Rfd8 15.
Bd4 Bf8 16. g4 e5 17. Bf2 d5 18. fxe5 dxe4 19. Bxe4 Qxe5 20. Bd4 Qg5 21. Na5
Bxe4+ 22. Nxe4 Nxe4 23. Qxe4 Nc5 1-0

[Event "World Youth Girls U16 2014"]
[Site "Durban RSA"]
[Date "2014.09.25"]
[Round "7.16"]
[White "Vasova, Maria"]
[Black "Caxita, Esperanca"]
[Result "1-0"]
[BlackTitle "WIM"]
[WhiteElo "1958"]
[BlackElo "1769"]
[WhiteFideId "2900955"]
[BlackFideId "10100903"]
[EventDate "2014.09.20"]

1. e4 e5 2. Nf3 d6 3. d4 exd4 4. Nxd4 Nf6 5. Nc3 Be7 6. Be2 Nbd7 7. Nf5 O-O 8.
O-O Re8 9. Nxe7+ Qxe7 10. f3 c6 11. Bg5 Qe5 12. Bh4 Nh5 13. Qd2 Ndf6 14. f4 Qc5+
15. Bf2 Qb4 16. a3 Qa5 17. Qxd6 Bg4 18. Bd3 Rad8 19. Qc5 Qxc5 20. Bxc5 b6 21.
Be3 Nd7 22. Rae1 g6 23. Bc1 Be6 24. e5 Bd5 25. Nxd5 cxd5 26. Bb5 1-0

[Event "World Youth Girls U16 2014"]
[Site "Durban RSA"]
[Date "2014.09.25"]
[Round "7.17"]
[White "Ljikar, Tamara"]
[Black "Wafa, Shahenda"]
[Result "1-0"]
[BlackTitle "WIM"]
[WhiteElo "1768"]
[BlackElo "1917"]
[WhiteFideId "14530767"]
[BlackFideId "10609962"]
[EventDate "2014.09.20"]

1. e4 c5 2. Nf3 Nc6 3. d4 cxd4 4. Nxd4 Nf6 5. Nc3 e5 6. Ndb5 d6 7. Bg5 a6 8. Na3
b5 9. Nd5 Be7 10. Bxf6 Bxf6 11. c3 Bg5 12. Nc2 O-O 13. h4 Bh6 14. a4 Rb8 15.
Nce3 Ne7 16. b3 Be6 17. axb5 axb5 18. c4 Nxd5 19. Nxd5 Bxd5 20. Qxd5 bxc4 21.
Bxc4 Kh8 22. g3 f5 23. exf5 Qb6 24. O-O Rxf5 25. Ra6 Qc5 26. Qxd6 Qxd6 27. Rxd6
Rbf8 28. Kg2 R5f6 29. Rd7 Re8 30. Re1 Ref8 31. Re2 Bc1 32. Re7 Ba3 33. R7xe5 Bd6
34. Re6 Rxe6 35. Bxe6 Re8 36. Bc4 Rxe2 37. Bxe2 Kg8 38. Bc4+ Kf8 39. f4 Bb4 40.
g4 h6 41. h5 Ke7 42. Kf3 Bd2 43. Ke4 Kf6 44. Bd5 Bb4 45. Bc4 Bd2 46. f5 Ke7 47.
Kd5 Kd7 48. Kc5 Be3+ 49. Kd5 Bd2 50. Bb5+ Kc7 51. Ke6 Kb6 52. Bc4 Kc5 53. Kf7
Bc3 54. Kg6 Kd6 55. g5 hxg5 56. Kxg5 Ke7 57. Kg6 Kf8 58. h6 gxh6 59. Kxh6 Bd2+
60. Kg6 Bc3 61. f6 Bd2 62. f7 Bc3 63. Kf5 Ke7 64. Ke4 Bb4 65. Kd5 Kd7 66. Ke4 1-0

[Event "World Youth Girls U16 2014"]
[Site "Durban RSA"]
[Date "2014.09.25"]
[Round "7.19"]
[White "Fesselier, Melissa"]
[Black "Keskin, Suara"]
[Result "1-0"]
[WhiteElo "1966"]
[BlackElo "1674"]
[WhiteFideId "20689284"]
[BlackFideId "6332650"]
[EventDate "2014.09.20"]

1. e4 d6 2. d4 g6 3. Nc3 Bg7 4. Nf3 Nc6 5. Be3 Nf6 6. h3 O-O 7. Qd2 e5 8. O-O-O
exd4 9. Nxd4 Nxd4 10. Bxd4 Be6 11. g4 a6 12. f3 b5 13. h4 c5 14. Be3 Qa5 15. Kb1
Rfd8 16. Bg5 b4 17. Nd5 Bxd5 18. exd5 Re8 19. h5 Re5 20. Bc4 Rae8 21. Bf4 R5e7
22. Bxd6 Rd7 23. Qh2 Qb6 24. Bf4 g5 25. Bxg5 Nxd5 26. Bxd5 Re5 27. h6 Bh8 28.
Bc4 Rxd1+ 29. Rxd1 Rxg5 30. Qf4 Qf6 31. Rd8+ 1-0

[Event "World Youth Girls U16 2014"]
[Site "Durban RSA"]
[Date "2014.09.25"]
[Round "7.20"]
[White "Albekova, Dilyara"]
[Black "Methmani, Nelunika"]
[Result "1-0"]
[BlackTitle "WIM"]
[WhiteElo "1830"]
[BlackElo "1614"]
[WhiteFideId "13705628"]
[BlackFideId "9910050"]
[EventDate "2014.09.20"]

1. e4 c5 2. Nc3 Nc6 3. f4 g6 4. Bc4 Bg7 5. Nf3 e6 6. d3 Nge7 7. O-O O-O 8. Qe1
Nd4 9. Nxd4 cxd4 10. Ne2 d5 11. Bb3 a5 12. c3 a4 13. Bd1 a3 14. Nxd4 Qb6 15. Qf2
Nc6 16. Nxc6 Qxf2+ 17. Rxf2 bxc6 18. e5 Ba6 19. Be2 Rfb8 20. b4 Bf8 21. Bxa3
Bxd3 22. Bb2 Bb5 23. Bd1 Ba4 24. Bf3 Ra6 25. g4 Bg7 26. a3 Rab6 27. Rc1 c5 28.
Kg2 g5 29. Kg3 f6 30. exf6 Bxf6 31. f5 Bd7 32. Re1 Kf7 33. Rfe2 c4 34. Bc1 1-0

[Event "World Youth Girls U16 2014"]
[Site "Durban RSA"]
[Date "2014.09.25"]
[Round "7.21"]
[White "Nyamdorj, Uranchimeg"]
[Black "Bashaer, Khalil"]
[Result "1-0"]
[BlackTitle "WCM"]
[WhiteElo "1784"]
[BlackElo "1618"]
[WhiteFideId "4902386"]
[BlackFideId "9304843"]
[EventDate "2014.09.20"]

1. e4 c5 2. Nf3 e6 3. g3 Nf6 4. Qe2 Nc6 5. Bg2 Be7 6. O-O O-O 7. Rd1 b6 8. d4
Nxd4 9. Nxd4 cxd4 10. Rxd4 e5 11. Rd1 Qc7 12. c4 Bb7 13. b3 a6 14. Bb2 Bc5 15.
Nc3 Rfe8 16. Rac1 Rac8 17. h4 h6 18. Bh3 Bb4 19. Nd5 Nxd5 20. cxd5 Qd6 21. Qg4
Rxc1 22. Rxc1 Rd8 23. Qf5 f6 24. Qg6 Qe7 25. Rc7 Bc8 26. Bf5 Qf8 27. Bc1 Bd6 28.
Rc2 Qf7 29. Qg4 Kh8 30. Be3 b5 31. f4 Bb8 32. Bb6 Rf8 33. Bc7 Bxc7 34. Rxc7 Rd8
35. d6 exf4 36. gxf4 a5 37. Qg6 Kg8 38. Qh7+ Kf8 39. Bg6 Qg8 40. Qxg8+ Kxg8 41.
Kf2 Kf8 42. Ke3 b4 43. Ra7 Kg8 44. Kd4 Rf8 45. Rxa5 Bb7 46. Rb5 Bc6 47. Rxb4 Ra8
48. a4 1-0

[Event "World Youth Girls U16 2014"]
[Site "Durban RSA"]
[Date "2014.09.25"]
[Round "7.22"]
[White "Kyrkjebo, Marte B."]
[Black "Eng, Rachael"]
[Result "1/2-1/2"]
[WhiteElo "1662"]
[BlackElo "1778"]
[WhiteFideId "1511602"]
[BlackFideId "2062224"]
[EventDate "2014.09.20"]

1. e4 e5 2. Nf3 Nc6 3. Nc3 Nf6 4. a3 d6 5. d4 Bg4 6. d5 Nd4 7. Be3 c5 8. dxc6
Nxc6 9. Be2 h6 10. O-O Be7 11. Qd3 O-O 12. Rad1 Qd7 13. Nd2 Bxe2 14. Qxe2 Ng4
15. Nc4 Nxe3 16. Nxe3 Nd4 17. Qd3 Rac8 18. Ne2 Nxe2+ 19. Qxe2 Qc6 20. Nd5 Bg5
21. c3 Qc4 22. Qc2 b5 23. Rfe1 Rb8 24. Qd3 f5 25. exf5 Qxd3 26. Rxd3 Rxf5 27. f3
Rf7 28. Re4 h5 29. h3 a5 30. Rd1 g6 31. Kf2 Kf8 32. Ke2 Ke8 33. Kd3 Kd7 34. Kc2
Kc6 35. b4 a4 36. Rd3 Rc8 37. Kb2 1/2-1/2

[Event "World Youth Girls U16 2014"]
[Site "Durban RSA"]
[Date "2014.09.25"]
[Round "7.23"]
[White "Peng, Xinbei"]
[Black "Van Zyl, Charlize"]
[Result "1-0"]
[BlackTitle "WIM"]
[WhiteElo "1626"]
[BlackElo "1753"]
[WhiteFideId "8607680"]
[BlackFideId "14307120"]
[EventDate "2014.09.20"]

1. e4 c6 2. d3 d5 3. Qe2 dxe4 4. dxe4 e5 5. g3 Nf6 6. Bg2 Bg4 7. Nf3 Nbd7 8. O-O
Bc5 9. h3 Bxf3 10. Bxf3 O-O 11. Rd1 Qc7 12. Nc3 Rad8 13. Bg2 b5 14. Be3 Bb6 1-0

[Event "World Youth Girls U16 2014"]
[Site "Durban RSA"]
[Date "2014.09.25"]
[Round "7.24"]
[White "Ranasinghe, Thinithi Sahanika"]
[Black "Jain, Shaileja"]
[Result "1/2-1/2"]
[WhiteElo "1596"]
[BlackElo "1736"]
[WhiteFideId "9914382"]
[BlackFideId "2089254"]
[EventDate "2014.09.20"]

1. c4 Nf6 2. Nc3 g6 3. g3 Bg7 4. Bg2 d6 5. d4 O-O 6. e3 Nbd7 7. Nge2 e5 8. O-O
Re8 9. Rb1 a5 10. a3 e4 11. Qc2 Qe7 12. Nf4 c6 13. b4 axb4 14. axb4 Nf8 15. c5
h5 16. cxd6 Qxd6 17. Nxe4 Nxe4 18. Bxe4 Rxe4 19. Nxh5 Bf5 20. Nxg7 Kxg7 21. Qc3
Ree8 22. Rb2 Bh3 23. d5+ f6 24. Rd1 cxd5 25. Rbd2 Rec8 26. Qd4 Ne6 27. Qb2 Qc6
28. Rxd5 Nc7 29. b5 Qc4 30. Rd7+ Bxd7 31. Rxd7+ Kg8 32. Qxf6 1/2-1/2

[Event "World Youth Girls U16 2014"]
[Site "Durban RSA"]
[Date "2014.09.25"]
[Round "7.25"]
[White "Tao, Rachel Long-Xin"]
[Black "Breedt, Shade"]
[Result "1-0"]
[BlackTitle "WCM"]
[WhiteElo "1592"]
[BlackElo "1693"]
[WhiteFideId "2616300"]
[BlackFideId "14304511"]
[EventDate "2014.09.20"]

1. e4 c5 2. Nf3 d6 3. c4 Nc6 4. d4 cxd4 5. Nxd4 Nf6 6. Nc3 g6 7. Be2 Nxd4 8.
Qxd4 Bg7 9. Be3 O-O 10. Qd1 Be6 11. f3 Qa5 12. O-O Rfc8 13. Nd5 Qd8 14. Qd2 Nd7
15. Rab1 Nb6 16. Rfc1 f5 17. Bg5 Bxd5 18. exd5 Kf7 19. b4 Rc7 20. Bd1 Rac8 21.
Bb3 Qd7 22. Re1 1-0

[Event "World Youth Girls U16 2014"]
[Site "Durban RSA"]
[Date "2014.09.25"]
[Round "7.27"]
[White "Shapar, Tatiana"]
[Black "Maouchi, Amina"]
[Result "1-0"]
[WhiteElo "1877"]
[BlackElo "1613"]
[WhiteFideId "24174840"]
[BlackFideId "7900929"]
[EventDate "2014.09.20"]

1. e4 e5 2. Nf3 Nc6 3. Bb5 a6 4. Ba4 Nf6 5. Qe2 b5 6. Bb3 Bc5 7. c3 d6 8. d3 h6
9. h3 O-O 10. g4 Nh7 11. Bd5 Bd7 12. g5 hxg5 13. Rg1 g4 14. hxg4 Rb8 15. b4 Bb6 1-0

[Event "World Youth Girls U16 2014"]
[Site "Durban RSA"]
[Date "2014.09.25"]
[Round "7.29"]
[White "Gucagaite, Gabriele"]
[Black "Kyrkjebo, Hanna B."]
[Result "1/2-1/2"]
[WhiteElo "1639"]
[BlackElo "1758"]
[WhiteFideId "12808210"]
[BlackFideId "1511599"]
[EventDate "2014.09.20"]

1. f4 e5 2. fxe5 d6 3. e6 Bxe6 4. Nf3 Nc6 5. b3 d5 6. e3 Nf6 7. Bb2 Bd6 8. Qe2
Qd7 9. Nc3 O-O-O 10. O-O-O Rhe8 11. Nb5 Bc5 12. h3 a6 13. Nbd4 Ne4 14. Rg1 Nxd4
15. Nxd4 Ng3 16. Qf3 Bd6 17. Ne2 1/2-1/2

[Event "World Youth Girls U16 2014"]
[Site "Durban RSA"]
[Date "2014.09.25"]
[Round "7.31"]
[White "Zhang, Manxuan"]
[Black "Marx, Inge"]
[Result "0-1"]
[WhiteElo "1593"]
[BlackElo "1488"]
[WhiteFideId "2619504"]
[BlackFideId "14306271"]
[EventDate "2014.09.20"]

1. e4 c5 2. Na3 d6 3. c3 Nf6 4. g3 Nxe4 5. Qa4+ Bd7 6. Qxe4 Bc6 7. Bb5 g6 8. Nf3
Bg7 9. O-O Qd7 10. Bxc6 Nxc6 11. Kg2 a6 12. Nc2 Rb8 13. d4 cxd4 14. Ncxd4 Nd8
15. Re1 e5 16. Qd5 Nc6 17. Nb3 O-O 18. Rd1 Rbd8 19. Bg5 Ne7 20. Qxd6 Qxd6 21.
Rxd6 Rxd6 22. Bxe7 Rfd8 23. Bxd8 Rxd8 24. Re1 Re8 25. Nc5 f5 26. Nxb7 e4 27. Nd4
Rb8 28. Nc5 Rxb2 29. Re2 Rb6 30. f3 exf3+ 31. Kxf3 Bf6 32. h4 a5 33. a4 Bxd4 34.
cxd4 Rb4 35. Rd2 0-1

[Event "World Youth Girls U16 2014"]
[Site "Durban RSA"]
[Date "2014.09.26"]
[Round "8.1"]
[White "Tsolakidou, Stavroula"]
[Black "Unuk, Laura"]
[Result "1/2-1/2"]
[WhiteTitle "WFM"]
[BlackTitle "WFM"]
[WhiteElo "2250"]
[BlackElo "2247"]
[WhiteFideId "4264312"]
[BlackFideId "14609215"]
[EventDate "2014.09.20"]

1. e4 e6 2. d4 d5 3. e5 c5 4. c3 Nc6 5. Nf3 Bd7 6. Be2 Nge7 7. O-O Ng6 8. g3 Be7
9. h4 cxd4 10. cxd4 O-O 11. h5 Nh8 12. Nbd2 f6 13. exf6 Bxf6 14. Nb3 Be8 15. Nc5
Qe7 16. h6 g6 17. Re1 b6 18. Nd3 Rd8 19. Nf4 g5 20. Ng2 Nf7 21. Qd2 Qb4 22. Qxb4
Nxb4 23. Bd1 g4 24. Nh2 Bxd4 25. Nxg4 Nd3 26. Rxe6 Nxf2 27. Be3 Bxb2 28. Rb1
Nxg4 29. Bxg4 Bc3 30. Re7 Ne5 31. Rg7+ Kh8 32. Rb3 Nxg4 33. Rxc3 Nxe3 34. Rxe3
Bg6 35. Ree7 Rc8 36. Nf4 Be4 37. Rxa7 Rc6 38. Kf2 Rxh6 39. Ke3 Rg8 40. Rxg8+
Kxg8 41. Rd7 Rc6 42. Nxd5 Bxd5 43. Rxd5 Rc3+ 44. Kf4 Ra3 45. Rb5 1/2-1/2

[Event "World Youth Girls U16 2014"]
[Site "Durban RSA"]
[Date "2014.09.26"]
[Round "8.2"]
[White "Drogovoz, Irina"]
[Black "Mahalakshmi, M"]
[Result "1/2-1/2"]
[BlackTitle "WFM"]
[WhiteElo "2313"]
[BlackElo "2048"]
[WhiteFideId "4176715"]
[BlackFideId "5001080"]
[EventDate "2014.09.20"]

1. d4 Nf6 2. c4 e6 3. g3 d5 4. Bg2 Bb4+ 5. Bd2 Be7 6. Nf3 O-O 7. O-O c6 8. Qc2
Nbd7 9. Bf4 b6 10. Nc3 Nh5 11. Be3 Bb7 12. Rfd1 f5 13. b3 Bd6 14. Bd2 Rc8 15.
Rac1 Qe7 16. cxd5 cxd5 17. Qd3 Nhf6 18. Nb5 Ba6 19. a4 Ne4 20. Rxc8 Rxc8 21. Rc1
Rxc1+ 22. Bxc1 Bb4 23. Bf4 Bc3 24. Ne5 Nxe5 25. Bxe5 Be1 26. Bxe4 fxe4 27. Qd1
Bxb5 28. axb5 Bc3 29. Qc1 Qb4 30. Qg5 Qf8 31. Qc1 Qb4 32. Qg5 Qf8 33. Qf4 Qxf4
34. gxf4 Bb4 35. Bb8 Be7 36. Bxa7 Bd8 37. Bb8 Kf7 38. Kg2 Kg6 39. Kg3 Kf5 40.
Bd6 h6 41. Bb8 h5 42. e3 Kf6 43. Be5+ Kf7 44. f3 exf3 45. Kxf3 g6 46. Kg3 1/2-1/2

[Event "World Youth Girls U16 2014"]
[Site "Durban RSA"]
[Date "2014.09.26"]
[Round "8.4"]
[White "Virkud, Apurva"]
[Black "Derakhshani, Dorsa"]
[Result "0-1"]
[WhiteTitle "WCM"]
[BlackTitle "WFM"]
[WhiteElo "2041"]
[BlackElo "2148"]
[WhiteFideId "2050820"]
[BlackFideId "12500330"]
[EventDate "2014.09.20"]

1. d4 Nf6 2. c4 e6 3. Nc3 Bb4 4. Qc2 O-O 5. Nf3 c5 6. dxc5 Na6 7. c6 bxc6 8. g3
Nc5 9. Bd2 d5 10. Bg2 Ba6 11. O-O Rc8 12. Rfd1 Qb6 13. Ne5 Rfd8 14. a3 Bxc3 15.
Bxc3 Nce4 16. Bd4 c5 17. Be3 Qc7 18. f4 Bb7 19. cxd5 exd5 20. Rac1 Qe7 21. Kh1
d4 22. Bg1 Qe6 23. Nf3 Ng4 24. Ng5 Nxg3+ 25. hxg3 Qh6+ 0-1

[Event "World Youth Girls U16 2014"]
[Site "Durban RSA"]
[Date "2014.09.26"]
[Round "8.5"]
[White "Gazikova, Veronika"]
[Black "Guo, Zhi Lin"]
[Result "1-0"]
[WhiteTitle "WFM"]
[WhiteElo "2134"]
[BlackElo "1632"]
[WhiteFideId "14919311"]
[BlackFideId "3216381"]
[EventDate "2014.09.20"]

1. e4 c5 2. Nc3 d6 3. f4 g6 4. Nf3 Bg7 5. Bb5+ Bd7 6. Bc4 Nc6 7. O-O e6 8. d3
Nge7 9. Qe1 a6 10. a4 O-O 11. Ba2 Nb4 12. Bb1 d5 13. Nd1 Nbc6 14. c3 dxe4 15.
dxe4 Qc7 16. Ne3 Qxf4 17. Nf5 Qc7 18. Nxg7 Kxg7 19. Qe3 Ng8 20. Qxc5 Qa5 21. Qf2
Qh5 22. Be3 Nf6 23. h3 Ng8 24. Ng5 f5 25. Ba2 Rae8 26. Bc4 h6 27. Be2 fxe4 28.
Qf7+ Rxf7 29. Rxf7+ Kh8 30. Rh7# 1-0

[Event "World Youth Girls U16 2014"]
[Site "Durban RSA"]
[Date "2014.09.26"]
[Round "8.6"]
[White "Wozniak, Mariola"]
[Black "Bykovtsev, Agata"]
[Result "1/2-1/2"]
[WhiteTitle "WCM"]
[WhiteElo "1992"]
[BlackElo "2059"]
[WhiteFideId "1152050"]
[BlackFideId "2046547"]
[EventDate "2014.09.20"]

1. e4 c5 2. Nf3 d6 3. d4 cxd4 4. Nxd4 Nf6 5. Nc3 a6 6. f4 e6 7. Bd3 Be7 8. O-O
O-O 9. Kh1 b5 10. e5 dxe5 11. fxe5 Nd5 12. Rf3 Nxc3 13. bxc3 f5 14. exf6 Rxf6
15. Rxf6 Bxf6 16. Be3 e5 17. Qf3 exd4 18. Qxa8 dxe3 19. Qxb8 Bxc3 20. Rd1 Qe8
21. Be2 Bf6 22. Qa8 Kf7 23. Qd5+ Qe6 24. Qh5+ Ke7 25. Qxh7 Qxa2 26. Qd3 Qe6 27.
Bh5 Bd7 28. Qa3+ Kd8 29. Qf8+ Kc7 30. Qc5+ Kd8 31. Qf8+ Kc7 32. Qc5+ Kd8 33. Rd6
Qe5 34. Rd5 Qe6 35. Qf8+ Kc7 36. Qc5+ Kd8 37. Be2 Be7 38. Qd4 Bf6 39. Qd3 Kc7
40. Bf3 Qe7 41. Qe2 Be6 42. Rd1 Bc4 43. Qe1 Kb6 44. Be2 Bh4 45. Qf1 Qf7 46. Rd6+
Kc5 47. Qd1 Bd5 48. Rxa6 Qf2 49. Bf3 Qe1+ 50. Qxe1 Bxe1 51. Kg1 Bc4 52. g3 Bc3
53. Rc6+ Kd4 54. Rc7 Bb4 55. Kg2 Kc3 56. Be2 Kd2 57. Bxc4 bxc4 58. Kf3 c3 59.
Rd7+ Kxc2 60. Kxe3 Kb2 61. Rb7 c2 62. Rxb4+ Kc3 63. Rc4+ Kxc4 64. Kd2 c1=Q+ 65.
Kxc1 Kd3 66. Kd1 Ke3 67. Ke1 Kf3 68. Kf1 g5 69. Kg1 g4 70. Kf1 Ke4 71. Kf2 Kf5
72. Kg2 Kg5 73. Kf1 Kf6 74. Ke2 Ke6 75. Kf2 Kf5 76. Ke3 Ke5 77. Kd3 1/2-1/2

[Event "World Youth Girls U16 2014"]
[Site "Durban RSA"]
[Date "2014.09.26"]
[Round "8.7"]
[White "Konopatska, Oleksandra"]
[Black "Gal, Hanna Krisztina"]
[Result "1/2-1/2"]
[WhiteElo "1914"]
[BlackElo "2094"]
[WhiteFideId "14128772"]
[BlackFideId "711861"]
[EventDate "2014.09.20"]

1. c4 e6 2. e4 c5 3. Nc3 Nc6 4. g3 Nf6 5. Bg2 a6 6. Nge2 Qc7 7. O-O Be7 8. d3 d6
9. f4 Rb8 10. h3 b5 11. cxb5 axb5 12. Be3 Ba6 13. Rc1 O-O 14. g4 Rfd8 15. g5 Nd7
16. f5 b4 17. Na4 Nde5 18. f6 Bf8 19. Nf4 Qd7 20. Rf2 Nd4 21. Bxd4 cxd4 22. b3
Qb5 23. Nb2 Ng6 24. Qg4 Nxf4 25. Qxf4 Qd7 26. Bf3 Rdc8 27. Nc4 Bxc4 28. dxc4 g6
29. h4 Rc5 30. h5 h6 31. Rg2 Kh7 32. hxg6+ fxg6 33. gxh6 Qf7 34. Bg4 Bxh6 35.
Rh2 Rh5 36. Qxd6 Rxh2 37. Qxh2 Qxf6 38. Qc7+ Qg7 39. Qxg7+ Kxg7 40. Rf1 e5 41.
Be6 Bf4 42. Kf2 Ra8 43. Ra1 Bd2 44. c5 Bc3 45. Rf1 Bd2 46. Ke2 Bf4 47. Ra1 Kf6
48. Bd7 Ra7 49. c6 Ke7 50. Kd3 Kd6 51. Rg1 g5 52. Rg2 Kc5 1/2-1/2

[Event "World Youth Girls U16 2014"]
[Site "Durban RSA"]
[Date "2014.09.26"]
[Round "8.8"]
[White "Zhang, Lanlin"]
[Black "Monnisha, GK"]
[Result "0-1"]
[BlackTitle "WFM"]
[WhiteElo "1988"]
[BlackElo "2078"]
[WhiteFideId "8608032"]
[BlackFideId "5009936"]
[EventDate "2014.09.20"]

1. e4 e5 2. Nf3 Nc6 3. Bc4 Nf6 4. Ng5 d5 5. exd5 Na5 6. Bb5+ c6 7. dxc6 bxc6 8.
Be2 h6 9. Nf3 e4 10. Ne5 Bc5 11. Ng4 Nxg4 12. Bxg4 Qh4 13. O-O Bxg4 14. Qe1 Qe7
15. d4 Bb6 16. Bd2 Nb7 17. Bc3 O-O 18. a4 Rad8 19. Qe3 f5 20. Re1 Nd6 21. Na3 f4
22. Qd2 Qh4 23. Bb4 e3 24. fxe3 Ne4 25. Qd3 Qf2+ 26. Kh1 f3 27. Rg1 fxg2+ 28.
Rxg2 Bf3 29. Rg1 Qxg2+ 30. Rxg2 Nf2+ 31. Kg1 Nxd3 32. cxd3 Bxg2 33. Kxg2 Rfe8
34. Kf3 Rd7 35. Nc4 Rf7+ 36. Kg2 Bc7 37. Bc5 a6 38. e4 Re6 39. e5 Rg6+ 40. Kh3
Rf3+ 0-1

[Event "World Youth Girls U16 2014"]
[Site "Durban RSA"]
[Date "2014.09.26"]
[Round "8.9"]
[White "Ljikar, Tamara"]
[Black "Abdusattorova, Bakhora"]
[Result "0-1"]
[BlackTitle "WFM"]
[WhiteElo "1768"]
[BlackElo "2008"]
[WhiteFideId "14530767"]
[BlackFideId "14204126"]
[EventDate "2014.09.20"]

1. e4 e5 2. Nf3 Nc6 3. Nc3 Nf6 4. d4 Bb4 5. Nxe5 Qe7 6. Qd3 Nxe5 7. dxe5 Qxe5 8.
Bd2 O-O 9. O-O-O Bxc3 10. Bxc3 Qf4+ 11. Kb1 Nxe4 12. Qd4 Nxc3+ 13. Qxc3 c6 14.
h4 d5 15. h5 h6 16. g3 Qxf2 17. Bd3 Bg4 18. Rdf1 Qb6 19. Rf4 f5 20. Qd2 Rae8 21.
Re1 Qc5 22. b4 Qd6 23. Rxe8 Rxe8 24. Bxf5 Bxf5 25. Rxf5 Qxg3 26. Kb2 Re5 0-1

[Event "World Youth Girls U16 2014"]
[Site "Durban RSA"]
[Date "2014.09.26"]
[Round "8.10"]
[White "Egorova, Ayyyna"]
[Black "Fuskova, Martina"]
[Result "1-0"]
[WhiteTitle "WCM"]
[WhiteElo "1992"]
[BlackElo "1961"]
[WhiteFideId "24136611"]
[BlackFideId "300063"]
[EventDate "2014.09.20"]

1. e4 c5 2. Nf3 e6 3. c4 d6 4. d4 cxd4 5. Nxd4 Nf6 6. Nc3 Be7 7. Be2 Nbd7 8. O-O
O-O 9. Be3 b6 10. Nc6 Qe8 11. Nb5 Nc5 12. Ncxa7 Nfxe4 13. Nc7 Qd7 14. Nxa8 Qxa7
15. f3 Nf6 16. b4 Ncd7 17. Nxb6 Nxb6 18. a4 Qc7 19. Qb3 Bb7 20. a5 Nbd7 21. Rfb1
Rb8 22. Kh1 Ba8 23. b5 Nc5 24. b6 Qc6 25. Bxc5 Qxc5 26. a6 Qf2 27. b7 1-0

[Event "World Youth Girls U16 2014"]
[Site "Durban RSA"]
[Date "2014.09.26"]
[Round "8.11"]
[White "Varshini, V"]
[Black "Vasova, Maria"]
[Result "0-1"]
[WhiteTitle "WFM"]
[WhiteElo "1987"]
[BlackElo "1958"]
[WhiteFideId "5091241"]
[BlackFideId "2900955"]
[EventDate "2014.09.20"]

1. e4 c6 2. d4 d5 3. e5 Bf5 4. Nf3 e6 5. Be2 Nd7 6. O-O Ne7 7. c3 c5 8. dxc5
Nxc5 9. Nd4 a6 10. Re1 Bg6 11. b4 Nd7 12. Bf3 Nf5 13. Nxf5 Bxf5 14. Bb2 Be7 15.
Nd2 O-O 16. a3 Rc8 17. Qe2 Nb6 18. a4 Nc4 19. Nxc4 dxc4 20. Qf1 Qd7 21. Be2 Bd3
22. Bxd3 Qxd3 0-1

[Event "World Youth Girls U16 2014"]
[Site "Durban RSA"]
[Date "2014.09.26"]
[Round "8.12"]
[White "Narva, Mai"]
[Black "Suchomelova, Simona"]
[Result "1-0"]
[WhiteTitle "WCM"]
[WhiteElo "2210"]
[BlackElo "1895"]
[WhiteFideId "4500512"]
[BlackFideId "348864"]
[EventDate "2014.09.20"]

1. e4 c5 2. Nf3 d6 3. Bb5+ Bd7 4. Bxd7+ Qxd7 5. c4 Nf6 6. Nc3 g6 7. d4 cxd4 8.
Nxd4 Bg7 9. f3 O-O 10. O-O Nc6 11. Nde2 a6 12. a4 Qc7 13. Kh1 e6 14. Bg5 Rfe8
15. Rb1 Rac8 16. Qd2 Nd7 17. Rfd1 Bf8 18. b3 Rb8 19. f4 Nb6 20. e5 dxe5 21. Ne4 1-0

[Event "World Youth Girls U16 2014"]
[Site "Durban RSA"]
[Date "2014.09.26"]
[Round "8.13"]
[White "Ghukasyan, Siranush"]
[Black "Albekova, Dilyara"]
[Result "1-0"]
[WhiteElo "2155"]
[BlackElo "1830"]
[WhiteFideId "13300946"]
[BlackFideId "13705628"]
[EventDate "2014.09.20"]

1. e4 d5 2. exd5 Qxd5 3. Nc3 Qd6 4. d4 Nf6 5. Nf3 c6 6. g3 Bg4 7. Bg2 e6 8. O-O
Be7 9. Bf4 Qd8 10. Re1 O-O 11. h3 Bxf3 12. Bxf3 Nbd7 13. Qd3 Nb6 14. Ne4 Nbd5
15. Bd2 g6 16. a3 Nxe4 17. Bxe4 Nf6 18. Bg2 Qb6 19. c4 Nd7 20. Bc3 Qc7 21. Qe2
Rab8 22. Rac1 Qb6 23. c5 1-0